000
00366nam a22001577a 4500
003
MPLRDC
005
20220104123800.0
008
210129b ||||| |||| 00| 0 eng d
082
_a
414.8 LHZ
100
_a
刘华柱编著
245
_a
中医内科验方
_c
260
_a
_b
五洲出版社
_c
1967
300
_b
平
650
_a
医话
942
_c
BK
_o
414.8 LHZ
999
_c
14152
_d
14142